000
00360nam a22001097a 4500
082
_a
355
100
_a
सक्सेना, गुंजन
_9
83916
245
_a
कारगिल गर्ल
260
_a
दिल्ली
_b
प्रभात प्रकाशन
_c
2025
650
_a
सैनिक विज्ञान
_9
66695
942
_c
BK
999
_c
68923
_d
68923